| 000 | 00663nam a2200205 a 4500 | ||
|---|---|---|---|
| 008 | 160217c20079999||||||||||||||||| || u | ||
| 020 | _a0071105921 | ||
| 050 | _aHG 4026 Bre | ||
| 100 | _aBrealey, Richard A | ||
| 245 | 1 | 0 |
_aFundamentals of finance. -- 5th ed. _h[cd-rom] |
| 250 | _a5th ed. | ||
| 260 |
_aBoston: _bMcGraw-Hill _c2007 |
||
| 300 | _a4 3/4 in. | ||
| 350 | _a0.00 | ||
| 650 | 0 | _aFINANCE--DEVELOPING COUNTRIES | |
| 650 | _aCORPORATIONS--FINANCE | ||
| 700 | _aMyers, Stewart C | ||
| 700 | _aMarcus, Alan J | ||
| 995 |
_FCBU-MAIN LIBRARY (Kitwe) _I0.00 _M1 _UAVAILABLE _WFeb 17, 2016 _Ze-Media Collection |
||
| 999 |
_c44145 _d44145 |
||